LEADER 01477nam a2200313 u 4500 001 000000050281 003 CaOOAMICUS 005 20070226115214.0 008 000728s1961 it ac u000 u ita u 035 $a10853180 040 $aPUL(R)$bita 100 1 $aDi Stasi, Pasquale,$csac.$0(OLS)http://pul/name/36248 245 10$aMagnanimi vescovi della diocesi di Lavello e di altre cittą contermini (1283-1700) :$bPapa Innocenzo XII /$cPasquale Di Stasi. 246 30$aPapa Innocenzo XII 260 $aLavello :$bTip. F. Finiguerra,$c1961. 300 $axvi, 206 p. :$bill., ritr. ;$c23 cm 500 $aComprende indici. 600 04$aInnocentius PP.$bXII,$d1615-1700.$0(OLS)http://pul/subject/8005 610 14$aLavello (diocesi).$0(OLS)http://pul/subject/21174 850 $aPUL 852 $aPUL$W1$xDP1 Fondo Maccarrone$y58$m1517 F 46$j66682$nBK-PRI$b $qFondi$B66682$CPULBib$Z2$F66682 $H $81 941 1 $a1 960 $aPapi (1691-1700 : Innocentius PP. XII)$98005 960 $aPapi (1691-1700 : Innocentius PP. XII)$98005 960 $aInnocenzo$bXII,$cpapa,$d1615-1700$98005 960 $aPignatelli, Antonio,$d1615-1700$98005 996 $6245$aMagnanimi vescovi della diocesi di Lavello e di altre cittą contermini (1283-1700) :$bPapa Innocenzo XII$9(OLS)http://pul/title/67689 996 $6246$aPapa Innocenzo XII$9(OLS)http://pul/title/67690 996 $6260$aLavello :$bTip. F. Finiguerra$9(OLS)http://pul/publisher/67643 LEADER 01582nam a2200325 a 4500 001 000000148058 003 CaOOAMICUS 005 20151210133913.0 008 151210s2015 it u000 u ita r 020 $a978-88-217-51608* 032 $aLibriCat 040 $aPUL$bita 082 04$a348.45 110 1 $aItalia.$0(OLS)http://pul/name/1188 245 10$aCodice del processo amministrativo commentato :$baggiornato con il D.L. 24 giugno 2014, n. 90, convertito in L. 11 agosto 2014, n. 114 e con il D.L. 31 dicembre 2014, n. 192 /$cdi Rosanna De Nictolis. 250 $a3. ed. 260 $aMilanofiori Assago :$bWolters Kluwer,$c©2015. 300 $aXVI, 2634 p. ;$c22 cm. 490 1 $aCommentari Ipsoa 650 4$aProcedura amministrativa$zItalia.$0(OLS)http://pul/subject/34886 700 1 $aDe Nictolis, Rosanna.$0(OLS)http://pul/name/70229 830 0$aCommentari IPSOA.$0(OLS)http://pul/title/133094 850 $aPUL 852 $aPUL$W1$xDP2 Diritto e Scienze Sociali 3$y110$m348. 45 COD 2.30$j170923$qDDC 21$B172052$CPULBib$Z2$F172052 $H126753 $81 941 1 $a9 996 $6020$a978-88-217-51608*$9(OLS)http://pul/number/159246 996 $6082$a348.45$9(OLS)http://pul/classification/373 996 $6245$aCodice del processo amministrativo commentato :$baggiornato con il D.L. 24 giugno 2014, n. 90, convertito in L. 11 agosto 2014, n. 114 e con il D.L. 31 dicembre 2014, n. 192$9(OLS)http://pul/title/186822 996 $6260$aMilanofiori Assago :$bWolters Kluwer$9(OLS)http://pul/publisher/81463